000 01045nam a22002417a 4500
999 _c7755
_d7755
005 20251125232815.0
008 s2521 th tha d
040 _aNALT
041 _atha
050 _aJF2011 ก9 2521
245 1 0 _aพรรคการเมือง / โกสินทร์ วงศ์สุรวัฒน์
260 3 _aกรุงเทพฯ :
_bมหาวิทยาลัยธรรมศาสตร์,
_c2521
300 _a122 หน้า ;
_b 26 ซม.
650 0 4 _aพรรคการเมือง
650 0 4 _aพรรคการเมือง -- ฝรั่งเศส
650 0 4 _aพรรคการเมือง -- สหรัฐอเมริกา
650 0 4 _aพรรคการเมือง -- ไทย -- 2538--2546
650 0 4 _aพรรคคอมมิวนิสต์ -- รัสเซีย
650 0 4 _aพรรคฝ่ายค้าน
850 _aNALT
856 4 0 _uhttps://hdl.handle.net/20.500.14156/336833
_71
942 _cGB
_2lcc